01096cam a2200313 i 450000100090000000300090000900500170001800800410003502000190007604000340009508200200012910000410014924500750019025000190026526400500028426400100033430000520034433600260039633700280042233800270045050400520047765000270052965100100055665300210056665500170058794200120060499900170061695201490063314881925EG-ScBUE20250311092122.0070606t2008 fluadk f b 001 0 eng d a9781584889700  aDLCbengerdacDLCdEG-ScBUE 04a530.12bRAE2221 aRae, Alastair I. M.,eauthor.93819310aQuantum mechanics /cAlastair I. M. Rae, University of Birmingham, UK. aFifth edition. 1aBoca Raton :bTaylor & Francis Group,c[2008] 4cc2008 axx, 331 pages :bcharts, forms, tables ;c24 cm 2rdacontentatextbtxt 2rdamediaaunmediatedbn 2rdacarrieravolumebnc aIncludes bibliographical references and index.  7aQuantum theory.2BUEsh 2BUEsh bENGGENcJune2015 vReading book 2ddccBB c19526d19498 00102ddc40708BaccahaMAINbMAINc1STd2015-06-09epurchaseg320.00l1m2o530.12 RAEp000038484r2025-07-15 00:00:00s2018-11-17v400.00yBB